Statistics for Texas Counties

Click here to take the quiz!

General Stats

  • This quiz has been taken 9 times
  • The average score is 41 of 254

Answer Stats

Answer% Correct
Dallas County
71%
Anderson County
43%
Austin County
43%
Bexar County
43%
Brown County
43%
Denton County
43%
Galveston County
43%
Harris County
43%
Harrison County
43%
Jack County
43%
Jackson County
43%
Jefferson County
43%
Johnson County
43%
Lee County
43%
Madison County
43%
Montgomery County
43%
Tarrant County
43%
Andrews County
29%
Aransas County
29%
Bell County
29%
Bowie County
29%
Collin County
29%
Crockett County
29%
Edwards County
29%
Ellis County
29%
El Paso County
29%
Fannin County
29%
Franklin County
29%
Gonzales County
29%
Gray County
29%
Grayson County
29%
Hall County
29%
Hamilton County
29%
Hidalgo County
29%
Hill County
29%
Houston County
29%
Kaufman County
29%
Kenedy County
29%
King County
29%
Leon County
29%
Martin County
29%
Mason County
29%
Midland County
29%
Newton County
29%
Nueces County
29%
Parker County
29%
Robertson County
29%
Smith County
29%
Trinity County
29%
Victoria County
29%
Walker County
29%
Wilson County
29%
Angelina County
14%
Archer County
14%
Armstrong County
14%
Atascosa County
14%
Bailey County
14%
Bandera County
14%
Bastrop County
14%
Baylor County
14%
Bee County
14%
Blanco County
14%
Borden County
14%
Bosque County
14%
Brazoria County
14%
Brazos County
14%
Brewster County
14%
Briscoe County
14%
Brooks County
14%
Burleson County
14%
Burnet County
14%
Calhoun County
14%
Cameron County
14%
Camp County
14%
Cass County
14%
Castro County
14%
Cherokee County
14%
Childress County
14%
Clay County
14%
Coke County
14%
Coleman County
14%
Collingsworth County
14%
Colorado County
14%
Comal County
14%
Concho County
14%
Cooke County
14%
Coryell County
14%
Crane County
14%
Crosby County
14%
Culberson County
14%
Dallam County
14%
Dawson County
14%
Delta County
14%
DeWitt County
14%
Dickens County
14%
Dimmit County
14%
Donley County
14%
Duval County
14%
Ector County
14%
Falls County
14%
Floyd County
14%
Foard County
14%
Fort Bend County
14%
Freestone County
14%
Frio County
14%
Gaines County
14%
Garza County
14%
Gillespie County
14%
Glasscock County
14%
Goliad County
14%
Gregg County
14%
Guadalupe County
14%
Hansford County
14%
Hardeman County
14%
Hardin County
14%
Hartley County
14%
Haskell County
14%
Hays County
14%
Hemphill County
14%
Henderson County
14%
Hood County
14%
Howard County
14%
Hudspeth County
14%
Hunt County
14%
Irion County
14%
Jasper County
14%
Jeff Davis County
14%
Jim Hogg County
14%
Jim Wells County
14%
Jones County
14%
Karnes County
14%
Kent County
14%
Kerr County
14%
Kinney County
14%
Kleberg County
14%
Knox County
14%
Lamar County
14%
Lamb County
14%
Lampasas County
14%
La Salle County
14%
Lavaca County
14%
Liberty County
14%
Limestone County
14%
Live Oak County
14%
Llano County
14%
Loving County
14%
Lubbock County
14%
Matagorda County
14%
Maverick County
14%
McCulloch County
14%
McLennan County
14%
McMullen County
14%
Medina County
14%
Milam County
14%
Mills County
14%
Mitchell County
14%
Montague County
14%
Moore County
14%
Morris County
14%
Motley County
14%
Nacogdoches County
14%
Navarro County
14%
Nolan County
14%
Ochiltree County
14%
Oldham County
14%
Orange County
14%
Palo Pinto County
14%
Panola County
14%
Parmer County
14%
Pecos County
14%
Polk County
14%
Potter County
14%
Presidio County
14%
Rains County
14%
Reagan County
14%
Real County
14%
Red River County
14%
Refugio County
14%
Roberts County
14%
Rockwall County
14%
Rusk County
14%
Sabine County
14%
San Augustine County
14%
San Jacinto County
14%
San Patricio County
14%
San Saba County
14%
Shelby County
14%
Sherman County
14%
Somervell County
14%
Starr County
14%
Stephens County
14%
Sterling County
14%
Terrell County
14%
Terry County
14%
Titus County
14%
Tyler County
14%
Upton County
14%
Uvalde County
14%
Val Verde County
14%
Van Zandt County
14%
Waller County
14%
Ward County
14%
Webb County
14%
Wharton County
14%
Wheeler County
14%
Wichita County
14%
Willacy County
14%
Williamson County
14%
Wise County
14%
Yoakum County
14%
Young County
14%
Zapata County
14%
Zavala County
14%
Caldwell County
0%
Callahan County
0%
Carson County
0%
Chambers County
0%
Cochran County
0%
Comanche County
0%
Cottle County
0%
Deaf Smith County
0%
Eastland County
0%
Erath County
0%
Fayette County
0%
Fisher County
0%
Grimes County
0%
Hale County
0%
Hockely County
0%
Hopkins County
0%
Hutchinson County
0%
Kendall County
0%
Kimble County
0%
Lipscomb County
0%
Lynn County
0%
Marion County
0%
Menard County
0%
Randall County
0%
Reeves County
0%
Runnels County
0%
Schleicher County
0%
Scurry County
0%
Shackleford County
0%
Stonewall County
0%
Sutton County
0%
Swisher County
0%
Taylor County
0%
Throckmorton County
0%
Tom Green County
0%
Travis County
0%
Upshur County
0%
Washington County
0%
Wilbarger County
0%
Winkler County
0%
Wood County
0%

Score Distribution

Percentile by Number Answered

Percent of People with Each Score

Your Score History

You have not taken this quiz